| 000 | 01289nam0a2200337 4500 | ||
|---|---|---|---|
| 001 | RU\NLR\BIBL_A\012650287 | ||
| 005 | 20220111140413.0 | ||
| 010 |
_a978-5-4477-3466-4 _947 |
||
| 021 |
_aRU _bКН-П-21-049197 _9КН-П-21-3873 |
||
| 035 | _a(NLR Aleph) 012650287 | ||
| 090 |
_a12724237 _c12724237 |
||
| 100 | _a20211125d2021 u y0rusy50 ca | ||
| 101 | 0 | _arus | |
| 102 | _aRU | ||
| 105 | _ay|||z|||000gy | ||
| 181 | 0 |
_ai _baxxe |
|
| 182 | 0 | _an | |
| 200 | 1 |
_aПарус надежды _eсборник _fСветлана Паутова |
|
| 203 |
_aТекст _bвизуальный _cнепосредственный |
||
| 210 |
_aМосква _cИзд-во Российского союза писателей _d2021 |
||
| 215 |
_a73, [5] с. _d21 |
||
| 300 | _aНа 4-й с. обл. авт.: С. С. Паутова - ветеран труда Новосибир. обл., ветеран труда Краснодар. края | ||
| 320 | _aДр. произведения авт. на 4-й с. обл. | ||
| 333 | _a16+ | ||
| 686 | 2 | _aШ6(2=Р)8-5 | |
| 700 | 1 |
_aПаутова _bС. С. _gСветлана Сергеевна |
|
| 942 | _cBOOK | ||
| 980 | _aNB | ||